AFL Teams Based on Logo - Statistics

General Stats
  • This quiz has been taken 531 times
  • The average score is 15 of 18
Answer Stats
Picture Answer % Correct
Richmond
98%
Carlton
93%
Adelaide
89%
Collingwood
87%
GWS
86%
North Melbourne
86%
St. Kilda
85%
Western Bulldogs
85%
Geelong
83%
Melbourne
81%
Port Adelaide
80%
Hawthorn
75%
West Coast
75%
Brisbane
74%
Essendon
69%
Fremantle
69%
Sydney
69%
Gold Coast
68%
No matching quizzes found
Score Distribution
Percent of People with Each Score
Percentile by Number Answered
Your Score History
You have not taken this quiz